000 00484nam a2200157 i 4500
001 81745
003 ES-MaACL
005 20230906174513.0
007 t|
008 041105s1904 xxk ||||1| eng d
245 0 0 _aHymns ancient and modern for use in the services of the church with accompanying tunes.
250 _aNew ed., [(throroughly rev.)].
260 _aLondon :
_bWilliam Clowes and Sons,
_c1904.
300 _aXV, 1112 p. ;
_c20 cm.
852 _aES-MaACL
_jC-5634
_bR.26201
999 _c81745
_d81745